Comedias /

-д хадгалсан:
Номзүйн дэлгэрэнгүй
Үндсэн зохиолч: Plauto, Tito Maccio (autor)
Формат: Ном
Хэл сонгох:испани
Цуврал:(Bibliotheca Scriptorum Graecorum et Romanorum Mexicana)
Нөхцлүүд:
Шошгууд: Шошго нэмэх
Шошго байхгүй, Энэхүү баримтыг шошголох эхний хүн болох!

MARC

LEADER 00000nam^a2200000^a^4500
001 000071089
005 20250521000000.0
009 20260310091505.21
020 |a 968-58-2510-6 
037 |a Acervo ITESO - Biblioteca 
041 |a ESP 
082 |a 862.  |b PLA 
100 |a Plauto, Tito Maccio  |e (autor) 
240 1 1 |a [Comedias de Plauto] 
245 1 0 |a Comedias /  |c T.M. Plauto ; pról. y tr. por Germán Viveros. 
264 |a México :  |b UNAM,  |c 1978 
300 |a 166 p. 
336 |a texto  |b txt  |2 rdacontenido 
337 |a sin mediación  |b n  |2 rdamedio 
338 |a volumen  |b nc  |2 rdasoporte 
440 1 |a (Bibliotheca Scriptorum Graecorum et Romanorum Mexicana) 
500 |a Traducción de: T. Macci Plauti Comoediae 
649 |a XX 
650 |a Comedia Latina 
650 |a Teatro Latino 
650 |a Teatro Clásico 
650 |a Literatura Latina 
650 |a Literatura Clásica 
910 |a Fondo Armando Suárez Gómez 
920 |a Impresos - Libros 
930 |a Fondos Especiales 
940 |a Literatura 
905 |a 111 
901 |a 0700005859  |b IT2  |c ESP  |u 20250521 
902 |a https://opac.biblio.iteso.mx/vufind/Record/000071089